En vísperas (Record no. 147054)

MARC details
000 -LEADER
campo de control de longitud fija 00825nam a2200217 i 4500
001 - NÚMERO DE CONTROL
campo de control 147054
003 - IDENTIFICADOR DE NÚMERO DE CONTROL
campo de control ES-MaACL
005 - FECHA Y HORA DE LA ÚLTIMA TRANSACCIÓN
campo de control 20240524063000.0
007 - CAMPO FIJO DE DESCRIPCIÓN FÍSICA--INFORMACIÓN GENERAL
campo de control de longitud fija t|
008 - DATOS DE LONGITUD FIJA--INFORMACIÓN GENERAL
campo de control de longitud fija 070920q1952 sp ||||1| spa d
100 1# - ENTRADA PRINCIPAL--NOMBRE DE PERSONA
Nombre de persona Turguenev, Ivan Sergueevich,
Fechas asociadas al nombre 1818-1883
9 (RLIN) 133416
245 10 - MENCIÓN DEL TÍTULO
Título En vísperas
Resto del título : un rey lear en la estepa /
Mención de responsabilidad, etc. Ivan Serguievich Turgueniev ; traducción directa del ruso y notas por Rafael Cansinos Asséns ; nota preliminar F.S.R.
260 ## - PUBLICACIÓN, DISTRIBUCIÓN, ETC.
Lugar de publicación, distribución, etc. [Madrid :
Nombre del editor, distribuidor, etc. Aguilar,
Fecha de publicación, distribución, etc. 1952]
300 ## - DESCRIPCIÓN FÍSICA
Extensión 497 p. :
Otras características físicas il. ;
Dimensiones 12 cm.
490 1# - MENCIÓN DE SERIE
Mención de serie Col. Crisol ;
Designación de volumen o secuencia 358
700 1# - ENTRADA AGREGADA--NOMBRE PERSONAL
Nombre de persona Cansinos Asséns, Rafael,
Fechas asociadas al nombre 1882-1964
9 (RLIN) 34616
700 1# - ENTRADA AGREGADA--NOMBRE PERSONAL
Nombre de persona Sainz de Robles, Federico Carlos,
Fechas asociadas al nombre 1898-1982
9 (RLIN) 101593
830 0# - PUNTO DE ACCESO ADICIONAL DE SERIE-TÍTULO UNIFORME
Título uniforme Col. Crisol ;
Designación de volumen o secuencia 358
9 (RLIN) 187429
852 ## - LOCALIZACIÓN
Ubicación ES-MaACL
Número de control de estantería D-8517
Sublocalización o colección R.34114
Holdings
Estatus retirado Estado de pérdida Estado de daño No para préstamo Biblioteca de origen Biblioteca actual Ubicación en estantería Fecha de adquisición Fuente de adquisición Total de préstamos Signatura topográfica completa Código de barras Visto por última vez Precio de reemplazo Tipo de ítem Koha
        Biblioteca del Ateneo de Madrid Biblioteca del Ateneo de Madrid Sala Valle Inclán 17/01/2008     D-8517 901153467 23/02/2023 23/02/2023 Libro impreso